000 00354nam a2200145Ia 4500
008 221030s9999 xx 000 0 und d
020 _a8185749795
041 _aEnglish
100 _aP. S. Gill
245 2 _aA Text Book of Machine Drawing
_cby P. S. Gill
260 _bKatson
_aNew Delhi
_c2015
300 _a698
650 _aMechanical
942 _cBK
999 _c17303
_d17303